Dans by Picture - Statistics

General Stats
  • This quiz has been taken 35 times
    23 since last reset
  • The average score is 8 of 20
Answer Stats
Picture Hint Answer % Correct
Danny DeVito
100%
Daniel Radcliffe
89%
Daniel Craig
79%
Dan Aykroyd
58%
Danny Trejo
53%
Dan Quayle
53%
Danny Phantom
47%
Danny Glover
42%
Daniel Day-Lewis
37%
(18th century author) Daniel Defoe
37%
Dan Marino
32%
Daniel Kaluuya
26%
Dan Brown
21%
(name the book) Daniel (Bible)
21%
Daniel Stern
21%
Daniel Boone
16%
Daniel Gabriel Fahrenheit
11%
Dan Stevens
11%
Danny McBride
5%
Danny Brown
0%
No matching quizzes found
Score Distribution
Percent of People with Each Score
Percentile by Number Answered
Your Score History
You have not taken this quiz since the last reset